News reporters and news sources : (Record no. 44464)

MARC details
000 -LEADER
fixed length control field 00655nam a2200229Ia 4500
003 - CONTROL NUMBER IDENTIFIER
control field OSt
005 - DATE AND TIME OF LATEST TRANSACTION
control field 20240502090024.0
008 - FIXED-LENGTH DATA ELEMENTS--GENERAL INFORMATION
fixed length control field 210329s9999||||xx |||||||||||||| ||und||
020 ## - INTERNATIONAL STANDARD BOOK NUMBER
International Standard Book Number 0876928025
040 ## - CATALOGING SOURCE
Transcribing agency STCPL
041 ## - LANGUAGE CODE
Language code of text/sound track or separate title English
082 ## - DEWEY DECIMAL CLASSIFICATION NUMBER
Classification number 070.43
Item number HER-N
100 ## - MAIN ENTRY--PERSONAL NAME
Personal name Strentz, Herbert
245 #0 - TITLE STATEMENT
Title News reporters and news sources :
Remainder of title Accomplices in shaping and misshaping the news /
Statement of responsibility, etc. by Herbert Strentz
250 ## - EDITION STATEMENT
Edition statement 2nd ed.
260 ## - PUBLICATION, DISTRIBUTION, ETC.
Place of publication, distribution, etc. New Delhi :
Name of publisher, distributor, etc. Prentice hall of india Pvt Ltd. ,
Date of publication, distribution, etc. 1992 .
300 ## - PHYSICAL DESCRIPTION
Extent 181 p.
Other physical details Paper Back
650 ## - SUBJECT ADDED ENTRY--TOPICAL TERM
Topical term or geographic name entry element English literature
650 ## - SUBJECT ADDED ENTRY--TOPICAL TERM
Topical term or geographic name entry element Journalism, Publishing, Newspapers
942 ## - ADDED ENTRY ELEMENTS (KOHA)
Koha item type Books
942 ## - ADDED ENTRY ELEMENTS (KOHA)
Source of classification or shelving scheme Dewey Decimal Classification
Holdings
Withdrawn status Lost status Source of classification or shelving scheme Damaged status Collection code Not for loan Home library Current library Shelving location Date acquired Cost, normal purchase price Total Checkouts Full call number Barcode Date last seen Price effective from Koha item type
    Dewey Decimal Classification   English   ST. THOMAS COLLEGE LIBRARY, PALAI ST. THOMAS COLLEGE LIBRARY, PALAI English 2021-07-10 49.00   070.43 HER-N 58768 2021-07-10 2021-07-10 Books
    Dewey Decimal Classification   English   ST. THOMAS COLLEGE LIBRARY, PALAI ST. THOMAS COLLEGE LIBRARY, PALAI English 2021-07-10 49.00   070.43 HER-N 58769 2021-07-10 2021-07-10 Books
    Dewey Decimal Classification   English   ST. THOMAS COLLEGE LIBRARY, PALAI ST. THOMAS COLLEGE LIBRARY, PALAI English 2021-07-10 49.00   070.43 HER-N 58770 2021-07-10 2021-07-10 Books
    Dewey Decimal Classification   English   ST. THOMAS COLLEGE LIBRARY, PALAI ST. THOMAS COLLEGE LIBRARY, PALAI English 2021-07-10 49.00   070.43 HER-N 58771 2021-07-10 2021-07-10 Books
Rights reserved ©2021 ST. THOMAS COLLEGE LIBRARY
A joint venture of - St. Thomas College Library and
Department of Computer Science, St. Thomas Collge Palai